000 01046nam a2200253Ia 4500
003 OSt
005 20220923225153.0
006 a|||||r|||| 00| 0
007 ta
008 220922b |||||||| |||| 00| 0 snd d
024 _a259,295
037 _cTextual
040 _aARTS
_cARTS
_bsnd
041 _2snd
_asnd
082 _aO1593,1M85x, 152K5
100 _aकिशिनचन्द, 'बेवसि'; शर्मा, देवदत्त कुुन्दाराम, अनु.
_9168454
245 0 _aकवि श्री माला
_b सिन्धी
246 _aKavi shrī mālā: sindhī
260 _aवर्धा
_b राष्ट्रभाषा प्रचार समिति
_c1965
300 _a125पृ0
_ccm.
650 _aसिन्धी साहित्य
_9156264
942 _hO1593,1M85x, 152K5
_cTEXL
_2CC
999 _c376512
_d376512